| 000 | 00808nam a22002297a 4500 | ||
|---|---|---|---|
| 005 | 20141021130531.0 | ||
| 006 | m||||f ||z 00| 0 | ||
| 008 | 141021t2011 xxua fr f000 0 eng d | ||
| 020 | _a9780879123055 | ||
| 040 | _aEG-ScBUE | ||
| 082 | 0 | 0 |
_222 _a616.0252 _bNSC |
| 130 | 0 |
_aFirst aid (National Safety Council) _936282 |
|
| 245 | 1 | 0 |
_aNSC first aid : _bworkbook / _cNational Safety Council. |
| 260 |
_aItasca, United States : _bNational Safety Council, _cc.2011. _e([Washington]) |
||
| 300 |
_avi, 58 p. : _bill. (col.) ; _c26 cm. + _eCD-ROM (4 3/4 in.) |
||
| 500 | _aIncludes NSC first aid quick guide. | ||
| 650 | 0 |
_aFirst aid in illness and injury _920460 |
|
| 653 |
_bNNUR _cOctober2014 |
||
| 655 |
_vreading book _934232 |
||
| 710 | 2 |
_936281 _aNational Safety Council |
|
| 942 |
_2ddc _k616.0252 NSC |
||
| 999 |
_c18479 _d18451 |
||